Taxation of profit in multinational companies diplomová práca

Enregistré dans:
Détails bibliographiques
Auteur principal: Pšurná, Katarína
Collectivité auteur: Ekonomická univerzita v Bratislave. Ústav medzinárodných programov
Autres auteurs: Kubicová, Jana, 1961-
Format: Livre
Langue:anglais
Publié: Bratislava 2014
Tags: Ajouter un tag
Pas de tags, Soyez le premier à ajouter un tag!

MARC

LEADER 00000nbm a2200000 4500
001 0193136
005 20170314124630.9
041 0 |a eng 
044 |a SK 
245 1 0 |a Taxation of profit in multinational companies  |b diplomová práca  |c Katarína Pšurná ; školiteľ: Jana Kubicová 
264 1 |a Bratislava  |c 2014 
300 |a 121 s. 
100 1 |a Pšurná, Katarína 
700 1 |a Kubicová, Jana, 1961- 
710 2 |a Ekonomická univerzita v Bratislave. Ústav medzinárodných programov